[Event "Montevideo Duchamp Cup 2nd"]
[Site "Montevideo"]
[Date "2018.02.05"]
[Round "6"]
[White "Rodriguez Lazo, Luis A"]
[Black "Canabal, Ignacio"]
[Result "1/2-1/2"]
[WhiteElo "1898"]
[BlackElo "1751"]
[PlyCount "93"]
[EventDate "2018.02.02"]
[EventType "swiss"]
[EventRounds "9"]
[EventCountry "URU"]
[SourceTitle "CBM 182 Extra"]
[Source "ChessBase"]
[SourceDate "2018.02.23"]
[SourceVersion "1"]
[SourceVersionDate "2018.02.23"]
[SourceQuality "1"]

1. d4 Nf6 2. Bf4 d5 3. Nf3 c5 4. c3 Nc6 5. e3 Qb6 6. Qc1 Bf5 7. dxc5 Qxc5 8. Nbd2 e6 9. Nb3 Qb6 10. Nbd4 Bg6 11. Nb5 Rc8 12. Nd6+ Bxd6 13. Bxd6 Nd4 14. exd4 Qxd6 15. Bb5+ Ke7 16. Ne5 a6 17. Be2 Rhd8 18. Qg5 Qb6 19. Qc1 Nd7 20. Nxg6+ hxg6 21. Rb1 Qa5 22. a3 b5 23. Qg5+ Nf6 24. 0-0 Qb6 25. f4 Kd7 26. Bd3 Kc7 27. Rbe1 a5 28. f5 exf5 29. Re7+ Rd7 30. Qf4+ Kd8 31. Re3 b4 32. axb4 axb4 33. cxb4 Qxb4 34. Rh3 Re7 35. Rh8+ Re8 36. Rxe8+ Kxe8 37. Qe5+ Qe7 38. Bb5+ Kd8 39. Rd1 Qxe5 40. dxe5 Ne4 41. Rxd5+ Ke7 42. h3 Rc1+ 43. Kh2 Rb1 44. Rd7+ Ke6 45. Rb7 Kxe5 46. Be8 Nd6 47. Rb8 1/2-1/2

[Event "Montevideo Duchamp Cup 2nd"]
[Site "Montevideo"]
[Date "2018.02.04"]
[Round "5"]
[White "Canabal, Ignacio"]
[Black "Cardozo, Camila"]
[Result "1-0"]
[WhiteElo "1751"]
[BlackElo "1445"]
[PlyCount "47"]
[EventDate "2018.02.02"]
[EventType "swiss"]
[EventRounds "9"]
[EventCountry "URU"]
[SourceTitle "CBM 182 Extra"]
[Source "ChessBase"]
[SourceDate "2018.02.23"]
[SourceVersion "1"]
[SourceVersionDate "2018.02.23"]
[SourceQuality "1"]

1. d4 Nf6 2. Bg5 d5 3. e3 e6 4. Nf3 c5 5. c3 Nbd7 6. Nbd2 Be7 7. Bd3 0-0 8. 0-0 b6 9. Ne5 Bb7 10. f4 Ne4 11. Bxe7 Qxe7 12. Ndf3 f6 13. Nxd7 Qxd7 14. Qe1 Qc7 15. Qh4 Rae8 16. Kh1 Qe7 17. g4 f5 18. g5 h6 19. Rg1 hxg5 20. Nxg5 g6 21. Bxe4 dxe4 22. Rg3 Qg7 23. Rag1 Qh8 24. Nh7 1-0

[Event "Montevideo Duchamp Cup 2nd"]
[Site "Montevideo"]
[Date "2018.02.02"]
[Round "1"]
[White "Canabal, Ignacio"]
[Black "Larrea, Manuel"]
[Result "1-0"]
[WhiteElo "1751"]
[BlackElo "2290"]
[PlyCount "59"]
[EventDate "2018.02.02"]
[EventType "swiss"]
[EventRounds "9"]
[EventCountry "URU"]
[SourceTitle "CBM 182 Extra"]
[Source "ChessBase"]
[SourceDate "2018.02.23"]
[SourceVersion "1"]
[SourceVersionDate "2018.02.23"]
[SourceQuality "1"]

1. d4 Nf6 2. c4 g6 3. Nc3 Bg7 4. e4 d6 5. Be2 0-0 6. Be3 e5 7. d5 Nbd7 8. f3 a5 9. Qd2 Nc5 10. 0-0-0 Nh5 11. g4 Nf4 12. h4 f5 13. Nh3 Nxe2+ 14. Qxe2 f4 15. Bxc5 dxc5 16. Nf2 Bd7 17. g5 a4 18. h5 gxh5 19. Rxh5 Be8 20. Rh4 Qxg5 21. Rg4 Qf6 22. Rdg1 Bg6 23. Nh3 Bh6 24. Qf2 b6 25. Rh4 Bg7 26. Ng5 a3 27. b3 Rae8 28. Qh2 h6 29. Ne6 Rxe6 30. dxe6 1-0

[Event "Montevideo Duchamp Cup 1st"]
[Site "Montevideo"]
[Date "2017.02.12"]
[Round "6"]
[White "Canabal, Ignacio"]
[Black "Moyses Sobrinho, Elias"]
[Result "1/2-1/2"]
[WhiteElo "1695"]
[BlackElo "1963"]
[PlyCount "83"]
[EventDate "2017.02.09"]
[EventType "swiss"]
[EventRounds "9"]
[EventCountry "URU"]
[SourceTitle "CBM 176 Extra"]
[Source "ChessBase"]
[SourceDate "2017.03.02"]
[SourceVersion "1"]
[SourceVersionDate "2017.03.02"]
[SourceQuality "1"]

1. d4 Nf6 2. c4 c5 3. d5 b5 4. cxb5 a6 5. bxa6 Bxa6 6. Nc3 d6 7. Nf3 Nbd7 8. e4 Bxf1 9. Kxf1 g6 10. g3 Bg7 11. Kg2 Ng4 12. Qe2 0-0 13. Nd2 Ngf6 14. Nc4 Nb6 15. Bd2 Nfd7 16. Nxb6 Qxb6 17. a4 Rfb8 18. Rhb1 Qb3 19. a5 c4 20. Ra3 Qc2 21. Qd1 Rxb2 22. Rxb2 Qxb2 23. Qc1 Qxc1 24. Bxc1 Nc5 25. Be3 Nb3 26. Nb5 Rxa5 27. Rxa5 Nxa5 28. Bd4 Nb3 29. Bc3 Bxc3 30. Nxc3 Kg7 31. f4 Kf6 32. Kf2 e6 33. Ke3 Ke7 34. Nb5 exd5 35. exd5 h5 36. Nd4 Kd7 37. Nb5 f5 38. h4 Nc5 39. Nc3 Nb3 40. Nb5 Nc5 41. Nc3 Nb3 42. Nb5 1/2-1/2

[Event "South-America-chT U14 22th"]
[Site "Medellin"]
[Date "2016.12.14"]
[Round "3.3"]
[White "Castro Silva, Moises Antonio"]
[Black "Canabal, Ignacio"]
[Result "1-0"]
[WhiteElo "1781"]
[BlackElo "1792"]
[PlyCount "111"]
[EventDate "2016.12.12"]
[EventType "team-tourn"]
[EventRounds "9"]
[EventCountry "COL"]
[SourceTitle "EXT 2024"]
[Source "ChessBase"]
[SourceDate "2023.10.10"]
[SourceVersion "1"]
[SourceVersionDate "2023.10.10"]
[SourceQuality "1"]
[WhiteTeam "Venezuela"]
[BlackTeam "Uruguay"]
[WhiteTeamCountry "VEN"]
[BlackTeamCountry "URU"]

1. e4 c6 2. d4 d5 3. Nc3 dxe4 4. Nxe4 Bf5 5. Ng3 Bg6 6. h4 h6 7. Nf3 Nd7 8. Bd3 Bxd3 9. Qxd3 e6 10. Bd2 Ngf6 11. 0-0-0 Be7 12. Ne4 Nxe4 13. Qxe4 Nf6 14. Qe2 a5 15. g4 Nxg4 16. Rhg1 h5 17. Ne5 Qd5 18. c4 Qxd4 19. Nxg4 hxg4 20. Rxg4 Qb6 21. Bc3 Bf6 22. Bxf6 gxf6 23. Rgd4 Qc7 24. Qd2 b6 25. Rd7 Qb8 26. Qd4 e5 27. Qg4 Qc8 28. Qg7 Rf8 29. Rd8+ Qxd8 30. Rxd8+ Rxd8 31. Qxf6 Kd7 32. Qf5+ Kc7 33. Qxe5+ Kb7 34. Qf5 Ka6 35. Qf6 Kb7 36. h5 c5 37. h6 Kc7 38. h7 Kb7 39. Kc2 Kc7 40. Kb3 Kb7 41. Ka4 Ka6 42. f4 Rc8 43. a3 Ra8 44. b4 axb4 45. axb4 cxb4 46. Kxb4 Kb7 47. Kb5 Ra5+ 48. Kb4 Raa8 49. Kb5 Ra5+ 50. Kb4 Raa8 51. c5 bxc5+ 52. Kb5 Rae8 53. f5 Kc7 54. Qc6+ Kd8 55. Qd6+ Kc8 56. Kc6 1-0

[Event "Pan American-ch U14 27th"]
[Site "Montevideo"]
[Date "2016.07.28"]
[Round "6"]
[White "Canabal, Ignacio"]
[Black "Aguerre, Valentin"]
[Result "1/2-1/2"]
[WhiteElo "1749"]
[BlackElo "1707"]
[PlyCount "45"]
[EventDate "2016.07.25"]
[EventType "swiss"]
[EventRounds "9"]
[EventCountry "URU"]
[SourceTitle "EXT 2017"]
[Source "ChessBase"]
[SourceDate "2016.10.25"]
[SourceVersion "1"]
[SourceVersionDate "2016.10.25"]
[SourceQuality "1"]

1. d4 d5 2. c4 e6 3. Nc3 Nf6 4. cxd5 exd5 5. Bg5 Be7 6. e3 0-0 7. Bd3 c6 8. Nge2 Ne4 9. Bxe7 Qxe7 10. Qc2 f5 11. Nf4 Nxc3 12. bxc3 Be6 13. 0-0 g5 14. Nxe6 Qxe6 15. Rfb1 b5 16. a4 a6 17. Re1 Nd7 18. f3 h6 19. e4 fxe4 20. fxe4 Nb6 21. axb5 cxb5 22. e5 Na4 23. c4 1/2-1/2

[Event "URU-ch U20"]
[Site "Nueva Helvecia"]
[Date "2016.04.18"]
[Round "6"]
[White "Malan, Lucia"]
[Black "Canabal, Ignacio"]
[Result "0-1"]
[WhiteElo "1303"]
[BlackElo "1641"]
[PlyCount "88"]
[EventDate "2016.04.16"]
[EventType "swiss"]
[EventRounds "6"]
[EventCountry "URU"]
[SourceTitle "CBM 171 Extra"]
[Source "ChessBase"]
[SourceDate "2016.04.26"]
[SourceVersion "1"]
[SourceVersionDate "2016.04.26"]
[SourceQuality "1"]

1. e4 c6 2. d4 d5 3. Nc3 dxe4 4. Nxe4 Bf5 5. Ng3 Bg6 6. h4 h6 7. Nf3 Nd7 8. h5 Bh7 9. Bd3 Bxd3 10. Qxd3 e6 11. Bf4 Qa5+ 12. c3 Ngf6 13. Ne5 Nd5 14. Qf3 Nxf4 15. Qxf4 Nxe5 16. Qxe5 Qxe5+ 17. dxe5 0-0-0 18. Rd1 Rxd1+ 19. Kxd1 f6 20. Re1 fxe5 21. Rxe5 Kd7 22. Re2 Be7 23. Rd2+ Kc7 24. Ne4 Rf8 25. f3 Rf5 26. g4 Rxf3 27. Rf2 Rxf2 28. Nxf2 Kd6 29. Kd2 Ke5 30. Nh3 Ke4 31. Ke2 b5 32. b3 a5 33. Kf2 Bc5+ 34. Ke2 e5 35. g5 Bb6 36. a4 bxa4 37. bxa4 Bc5 38. Kd2 Be3+ 39. Ke2 hxg5 40. c4 g4 41. Nf2+ Bxf2 42. Kxf2 Kf4 43. c5 g3+ 44. Kg2 e4 0-1